Quiz film "La leggenda di Al, John e Jack" di Aldo, Giovanni e Giacomo - Statistics

Statistiche generali
  • Questo quiz è stato fatto 93 volte
  • Il punteggio medio è 8 su 15
Statistiche sulle risposte
Definizione Risposta % Corretto
Città in cui è ambientata la storia New York
96%
Cosa regala John al compleanno di Jack libro di Caravaggio
87%
Professione di Frank, amico di Al, che verrà ucciso dai tre per errore barbiere
68%
Cosa, invece, avrebbe voluto ricevere Jack colpi per la pistola
67%
Soprannome di John Johnny "il bello"
56%
Piatto che Giovanni ordina al cuoco dell'hotel pasta con le sarde
55%
Soprannome di Al Al "quattro dita"
54%
Parola d'ordine del clan del boss fulmicotone
54%
Bevanda che Al cerca continuamente di offrire a John a casa di suo cugino succo di more
54%
Cugino di Al, innamorato di John Herbert
51%
Bambina a cui i tre rubano la torta ogni anno per il compleanno di Jack Melissa
47%
Malattia da cui è affetto Calogero Buccheri (Al) amnesia
40%
Dolce a cui fa riferimento il soprannome di Jack ciambella
33%
Soprannome del boss Sam Genovese Coscia di pollo
27%
Nome di quest'ultimo Fred
17%
Nessun quiz corrispondente trovato
Distribuzione punteggi
Percentuale di utenti per punteggio
Percentile per numero di risposta
I tuoi punteggi nel tempo
Non hai fatto questo quiz